| 000 | 00833nam a2200229 a 4500 | ||
|---|---|---|---|
| 005 | 20250108063736.0 | ||
| 008 | 030821m19952000es r 000 0 spa d | ||
| 020 | _a950460255X | ||
| 035 | _aUPN01000128102 | ||
| 049 | _aCG | ||
| 050 | 4 |
_aLC155 A7 _bT4.5 |
|
| 100 | 1 | _aTeberosky, Ana | |
| 245 | 1 | 0 |
_aMás allá de la alfabetización : _bel conocimiento fonológico, la ortografía, la composición de textos, la notación matemática y el aprendizaje / _cAna Teberosky, Liliana Tolchinsky. |
| 260 |
_aMadrid : _bSantillana, _c1995 (2000 impr.). |
||
| 300 | _a325 p. | ||
| 440 | 0 | _aAula XXI | |
| 650 | 4 |
_aAlfabetización (Educación) _zArgentina _91920 |
|
| 650 | 4 |
_aLECTURA CREATIVA _926666 |
|
| 650 | 4 |
_aESPAÑOL - _xCOMPOSICION Y EJERCICIOS _96152 |
|
| 700 | 1 |
_aTolchinsky Landsmann, Liliana, _ecoaut. _933281 |
|
| 905 | _aLibro | ||
| 999 |
_c100281 _d100281 |
||